[Event "BCF-chT 2122 (4NCL)"]
[Site "England"]
[Date "2022.06.25"]
[Round "10.17"]
[White "Arora, Tashika"]
[Black "Kolbus, Dietmar"]
[Result "1/2-1/2"]
[WhiteElo "1839"]
[BlackElo "2305"]
[PlyCount "104"]
[EventDate "2021.11.27"]
[EventType "team-swiss"]
[EventRounds "11"]
[EventCountry "ENG"]
[SourceTitle "EXT 2023"]
[Source "ChessBase"]
[SourceDate "2022.10.05"]
[SourceVersion "1"]
[SourceVersionDate "2022.10.05"]
[SourceQuality "1"]
[WhiteTeam "Oxford"]
[BlackTeam "Chess.com Manx Liberty"]
[WhiteTeamCountry "ENG"]
[BlackTeamCountry "ENG"]

1. d4 Nf6 2. c4 g6 3. g3 Bg7 4. Bg2 d5 5. cxd5 Nxd5 6. e4 Nb6 7. Ne2 e5 8. d5 c6 9. Nbc3 cxd5 10. exd5 0-0 11. 0-0 Bf5 12. Qb3 Bd3 13. Rd1 Bc4 14. Qc2 a5 15. b3 Ba6 16. Ba3 Re8 17. Ne4 Bf8 18. Bxf8 Rxf8 19. N2c3 N8d7 20. Qd2 Kg7 21. Rac1 h6 22. f4 f5 23. fxe5 fxe4 24. e6 Nf6 25. Qd4 Nc8 26. d6 Qxd6 27. Qxd6 Nxd6 28. Rxd6 Bd3 29. Bf1 Rfd8 30. Rb6 Rab8 31. Ne2 Nd5 32. e7 Nxb6 33. exd8Q Rxd8 34. Nf4 Kf6 35. Rd1 Nd5 36. Nxd3 Ne3 37. Re1 exd3 38. Rxe3 d2 39. Be2 d1R+ 40. Bxd1 Rxd1+ 41. Kf2 Rd2+ 42. Re2 Rxe2+ 43. Kxe2 Kf5 44. Kf3 b5 45. a3 h5 46. h3 Ke5 47. Ke3 g5 48. h4 gxh4 49. gxh4 Kf5 50. Kf3 Ke5 51. Ke3 Kf5 52. Kf3 Ke5 1/2-1/2

[Event "Las Vegas National op"]
[Site "Las Vegas"]
[Date "2022.06.08"]
[Round "1"]
[White "Kolbus, Dietmar"]
[Black "Moore, Michael"]
[Result "1/2-1/2"]
[WhiteElo "2309"]
[BlackElo "1869"]
[PlyCount "78"]
[EventDate "2022.06.08"]
[EventType "swiss"]
[EventRounds "9"]
[EventCountry "USA"]
[SourceTitle "CBM 208 Extra"]
[Source "ChessBase"]
[SourceDate "2022.07.31"]
[SourceVersion "1"]
[SourceVersionDate "2022.07.31"]
[SourceQuality "1"]

1. c4 e6 2. Nf3 Nf6 3. g3 d5 4. b3 c5 5. Bg2 Nc6 6. 0-0 Be7 7. Bb2 d4 8. e3 e5 9. exd4 exd4 10. Re1 Qc7 11. Na3 0-0 12. d3 a6 13. Nc2 b6 14. Nfxd4 cxd4 15. Bxc6 Qxc6 16. Rxe7 Bg4 17. Nxd4 Qc5 18. Qe1 Rfe8 19. Re3 Rxe3 20. fxe3 Re8 21. Nc2 Nd7 22. Qf2 Qh5 23. Bd4 Re6 24. Re1 Nf8 25. Nb4 Rd6 26. Nd5 Ne6 27. Nf4 Nxf4 28. Qxf4 Qg6 29. c5 bxc5 30. Bxc5 Rd8 31. d4 h5 32. e4 Qc6 33. Qe3 Re8 34. d5 Qb5 35. a4 Qa5 36. Rc1 f6 37. Kf2 Rxe4 38. b4 Rxe3 39. bxa5 Re2+ 1/2-1/2